ASOIAF- All Lannisters - Statistics

General Stats
  • This quiz has been taken 578 times
  • The average score is 37 of 71
Answer Stats
Lived Name % Correct
Tyrion III Lannister
98%
Tyrion II Lannister
98%
273AC-present Tyrion Lannister (son of Tywin)
98%
266AC-present Cersei Lannister
97%
242AC-300AC Tywin Lannister
97%
Jaime Lannister
96%
244AC-300AC Kevan Lannister
93%
291AC-present Tommen I Baratheon
91%
Tommen II Lannister
91%
Tommen I Lannister
91%
286AC-300AC Joffrey I Baratheon
90%
290AC-present Myrcella Baratheon
89%
Lancel I Lannister
88%
Lancel IV Lannister
88%
282AC-present Lancel Lannister (son of Kevan)
88%
Lancel V Lannister
88%
245AC-273AC Joanna Lannister
77%
220AC-267AC Tytos Lannister
76%
245AC-present Genna Lannister
70%
255AC-unknown Gerion Lannister
68%
285AC-present Martyn Lannister
68%
285AC-299AC Willem Lannister
65%
89AC-130AC Jason Lannister
64%
229AC-260AC Jason Lannister (son of Gerold)
64%
286AC-299AC (presumed) Tyrek Lannister
63%
250AC-unknown (between 285 and 298AC) Tygett Lannister
61%
Gerold III Lannister
58%
Gerold II Lannister
58%
Gerold I Lannister
58%
unknown-244AC Gerold Lannister
58%
258AC-299AC Cleos Frey
53%
288AC-present Joy Hill
52%
246AC-299AC Stafford Lannister
51%
89AC-133AC Tyland Lannister
51%
unknown-210AC Damon Lannister
47%
244AC-present Damon Lannister (son of Jason)
47%
273AC-present Daven Lannister
47%
279AC-299AC Tion Frey
46%
211AC-236AC Tion Lannister
46%
296AC-present Janei Lannister
43%
257AC-present Damion Lannister
40%
Loreon III Lannister
40%
Loreon II Lannister
40%
unknown-unknown Loreon I Lannister
40%
Loreon IV Lannister
40%
Loreon V Lannister
40%
285AC-present Red Walder Frey
40%
Tybolt I Lannister
40%
unknown-212AC Tybolt Lannister
40%
Johanna Lannister
33%
Myrielle Lannister
33%
unknown(post-272AC)-present Cerenna Lannister
32%
271AC-present Lanna Lannister
32%
259AC-present Lyonel Frey
31%
211AC-233AC Tywald Lannister
31%
270AC-present Lucion Lannister
28%
243AC-present Lynora Hill
27%
Tya Lannister
27%
unknown (post-283AC)-present Rosamund Lannister
26%
209AC-213AC Cerelle Lannister
25%
Cerion I Lannister
21%
unknown(pre-257AC)-unknown Ella Lannister
17%
Tywell II Lannister
17%
Norwin I Lannister
16%
Lyman Lannister
15%
Leila Lannister
14%
unknown-unknown Margot Lannister
14%
Tymond Lannister
14%
Harmund III Hoare
11%
Hagon Hoare
10%
unknown-present Theomore Lannister
10%
No matching quizzes found
Score Distribution
Percent of People with Each Score
Percentile by Number Answered
Your Score History
You have not taken this quiz